[Event "Ambelokipi op 34th"]
[Site "Athens"]
[Date "2002.01.26"]
[Round "5"]
[White "Troupis, Konstantinos"]
[Black "Katelin, Mikhail"]
[Result "0-1"]
[WhiteElo "2042"]
[BlackElo "2170"]
[PlyCount "80"]
[EventDate "2002.01.12"]
[EventType "swiss"]
[EventRounds "7"]
[EventCountry "GRE"]
[SourceTitle "CBM 086 Extra"]
[Source "ChessBase"]
[SourceDate "2002.03.14"]
[SourceVersion "1"]
[SourceVersionDate "2002.03.14"]
[SourceQuality "1"]

1. d4 Nf6 2. Bg5 Ne4 3. Bh4 d5 4. f3 Nd6 5. Nd2 c6 6. c3 Bf5 7. Qb3 Qd7 8. e3 e6 9. c4 Be7 10. Bxe7 Qxe7 11. Ne2 0-0 12. c5 Nc8 13. g4 Bg6 14. h4 f6 15. Nf4 Bf7 16. g5 b6 17. Bd3 e5 18. gxf6 Qxf6 19. Ne2 Nd7 20. cxb6 axb6 21. Qc2 Qh6 22. Bf5 Be8 23. f4 exf4 24. Nxf4 Ne7 25. Bg4 Nf6 26. Be6+ Kh8 27. 0-0-0 Nh5 28. Nh3 Qxe6 29. Ng5 Qg6 30. Qb3 c5 31. Rhg1 cxd4 32. Rdf1 Rc8+ 33. Kd1 Rxf1+ 34. Rxf1 Nf5 35. exd4 h6 36. Ngf3 Qg2 37. Rg1 Qf2 38. Re1 Nxd4 39. Qxb6 Bg6 40. Qxd4 Bc2+ 0-1

[Event "Ambelokipi op 33rd"]
[Site "Athens"]
[Date "2001.12.22"]
[Round "7"]
[White "Katelin, Mikhail"]
[Black "Sideris, Theodoros"]
[Result "1-0"]
[WhiteElo "2170"]
[BlackElo "2060"]
[PlyCount "68"]
[EventDate "2001.12.08"]
[EventType "swiss"]
[EventRounds "7"]
[EventCountry "GRE"]
[SourceTitle "EXT 2003"]
[Source "ChessBase"]
[SourceDate "2002.11.25"]
[SourceVersion "1"]
[SourceVersionDate "2002.11.25"]
[SourceQuality "1"]

1. e4 c5 2. Nf3 Nc6 3. d4 cxd4 4. Nxd4 g6 5. c4 Nf6 6. Nc3 d6 7. Be2 Nxd4 8. Qxd4 Bg7 9. 0-0 0-0 10. Bg5 h6 11. Bd2 Be6 12. b3 Nd7 13. Qe3 Qb6 14. Qg3 Nc5 15. Qh4 g5 16. Qh5 Nd7 17. Rad1 Nf6 18. Qf3 Ng4 19. Nd5 Qd8 20. Qg3 Bxd5 21. exd5 Nf6 22. Bd3 Qd7 23. h3 g4 24. Qh4 gxh3 25. gxh3 e5 26. Bxh6 e4 27. Qg5 Ne8 28. Bxg7 Nxg7 29. Bxe4 f5 30. Bf3 Rae8 31. Rde1 Rxe1 32. Rxe1 Re8 33. Re6 Rxe6 34. dxe6 Qxe6 1-0

[Event "Ambelokipi op 33rd"]
[Site "Athens"]
[Date "2001.12.17"]
[Round "5"]
[White "Kolani, Leonard"]
[Black "Katelin, Mikhail"]
[Result "1/2-1/2"]
[WhiteElo "2229"]
[BlackElo "2170"]
[PlyCount "23"]
[EventDate "2001.12.08"]
[EventType "swiss"]
[EventRounds "7"]
[EventCountry "GRE"]
[SourceTitle "EXT 2003"]
[Source "ChessBase"]
[SourceDate "2002.11.25"]
[SourceVersion "1"]
[SourceVersionDate "2002.11.25"]
[SourceQuality "1"]

1. d4 Nf6 2. Nf3 d5 3. c4 e6 4. Nc3 Be7 5. g3 0-0 6. Bg2 c6 7. 0-0 Nbd7 8. Qd3 b6 9. b3 Bb7 10. Ne5 Nxe5 11. dxe5 Nd7 12. f4 1/2-1/2